|
|
|
|
| LEADER |
00000nam0a2200000 4500 |
| 001 |
82256 |
| 005 |
20231031095618.0 |
| 035 |
|
|
|a (RuTPU)RU\TPU\book\88402
|
| 090 |
|
|
|a 82256
|
| 100 |
|
|
|a 20050929d1966 m y0rusy50 ca
|
| 101 |
0 |
|
|a rus
|
| 102 |
|
|
|a RU
|
| 105 |
|
|
|a a j 001zy
|
| 200 |
1 |
|
|a Лабораторный практикум по основам теории цепей
|e учебное пособие
|f И. Н. Добротворский
|g под ред. В. П. Попова
|
| 210 |
|
|
|a Москва
|c Высшая школа
|d 1986
|
| 215 |
|
|
|a 192 с.
|c ил.
|
| 320 |
|
|
|a Библиогр.: с. 190.
|
| 610 |
1 |
|
|a радиоцепи
|
| 610 |
1 |
|
|a цепи
|
| 610 |
1 |
|
|a радиотехника
|
| 610 |
1 |
|
|a измерительная аппаратура
|
| 610 |
1 |
|
|a лабораторные практикумы
|
| 675 |
|
|
|a 621.372(076.5)
|v 3
|
| 700 |
|
1 |
|a Добротворский
|b И. Н.
|g Игорь Николаевич
|
| 702 |
|
1 |
|a Попов
|b В. П.
|4 340
|
| 801 |
|
1 |
|a RU
|b 63413507
|c 20050929
|g PSBO
|
| 801 |
|
2 |
|a RU
|b 63413507
|c 20230629
|g PSBO
|
| 900 |
|
|
|a Радиотехника и электроника
|
| 942 |
|
|
|c BK
|
| 952 |
|
|
|a 552500
|b 200700
|